Rubber-based multispecies cropping system under rainfed condition of NOrth East India (Record no. 68203)

MARC details
000 -LEADER
fixed length control field 00548nam a2200193Ia 4500
100 ## - MAIN ENTRY--AUTHOR NAME
Personal name Datta Bhaskar
245 #0 - TITLE STATEMENT
Title Rubber-based multispecies cropping system under rainfed condition of NOrth East India
260 ## - PUBLICATION, DISTRIBUTION, ETC. (IMPRINT)
Name of publisher Natural Rubber Research
Year of publication 2011
300 ## - PHYSICAL DESCRIPTION
Number of Pages 220-227
500 ## - GENERAL NOTE
General note Source Year: 2011
650 ## - SUBJECT ADDED ENTRY--TOPICAL TERM
Topical Term Benefit-cost ratio
650 ## - SUBJECT ADDED ENTRY--TOPICAL TERM
Topical Term Cropping system
650 ## - SUBJECT ADDED ENTRY--TOPICAL TERM
Topical Term Hevea brasiliensis
650 ## - SUBJECT ADDED ENTRY--TOPICAL TERM
Topical Term Planting geometry
700 ## - ADDED ENTRY--PERSONAL NAME
Personal name Dey S K
700 ## - ADDED ENTRY--PERSONAL NAME
Personal name Nair N U
942 ## - ADDED ENTRY ELEMENTS (KOHA)
Koha item type Journals
Holdings
Withdrawn status Lost status Damaged status Not for loan Home library Current library Shelving location Date acquired Serial Enumeration / chronology Koha item type
      Journals RRII Library RRII Library Agronomy 27/04/2012 Volume 24, Issue 2 Journals